000 00558nam a22001937a 4500
005 20251108170943.0
008 250721s1985 xx 000 0 ara d
082 1 4 _aط/599.61/فيل
100 1 _aالنابلسي، هاله
_eمترجم
245 1 0 _aالفيل /
250 _aط3
264 1 _aبيروت :
_bدار المسيرة،
_c1985.
300 _a24ص.
490 0 _aالمستكشف الصغير : عالم البراري
650 1 7 _aالفيل
653 _aناشئون صغار (10-14) سنة
942 _2ddc
_cBK
999 _c52931
_d52931